Score 0/15 Timer 02:00
4 Plays Today
% Correct
Arabic
95.5%
Greek
90.4%
Latin
89.2%
Hebrew
89%
Cyrillic
86.7%
Gothic
82.3%
Ethiopic
80%
Georgian
76.8%
% Correct
Runic
75.3%
Etruscan
67.7%
Ugaritic
65.7%
Tamil
64.1%
Batak
51.5%
Telugu
38.4%
Hangul
33.5%
Remove Ads.
Support Sporcle.
Get the best of Sporcle when you Go Orange. This ad-free experience offers more features, more stats, and more fun while also helping to support Sporcle. Thank you for becoming a member.

You're not logged in!

Compare scores with friends on all Sporcle quizzes.
OR
Log In

Show Comments

Extras

Top Quizzes Today


Score Distribution

Your Account Isn't Verified!

In order to create a playlist on Sporcle, you need to verify the email address you used during registration. Go to your Sporcle Settings to finish the process.

Report this User

Report this user for behavior that violates our Community Guidelines.

Details: